000 00400nam a2200169 4500
003 OSt
008 240703b |||||||| |||| 00| 0 eng d
020 _a9788184956443
082 _a303.6
_bMIE
100 _aMILLER, John
245 _aEverybody's Business
250 _a1st Ed.
260 _aMumbai
_bJaico Publishing House
_c2015
300 _axii, 317p.
650 _aGeneral
942 _2ddc
_cBK
999 _c12801
_d12801